Mẫn và tôi : Tiểu thuyết

Đã lưu trong:
書目詳細資料
主要作者: Phan, Tứ
格式: 圖書
語言:Undetermined
出版: Thành phố Hồ Chí Minh Trẻ 1999
主題:
標簽: 添加標簽
沒有標簽, 成為第一個標記此記錄!
Thư viện lưu trữ: Trung tâm Học liệu Trường Đại học Cần Thơ
LEADER 00576nam a2200217Ia 4500
001 CTU_46936
008 210402s9999 xx 000 0 und d
020 |c 24000 
082 |a 895.922333 
082 |b T550/T.2 
100 |a Phan, Tứ 
245 0 |a Mẫn và tôi : 
245 0 |b Tiểu thuyết 
245 0 |c Phan Tứ 
260 |a Thành phố Hồ Chí Minh 
260 |b Trẻ 
260 |c 1999 
650 |a Vietnamese fiction 
650 |y 20th century 
904 |i Trong Hiếu 
980 |a Trung tâm Học liệu Trường Đại học Cần Thơ